Kraj Vysočina : turistická mapa /

Korporativní autor: SHOCart (firma)
Jazyk: Němčina
Čeština
Angličtina
Vydáno: Jihlava : Pro Kraj Vysočina SHOCart, 2015
Vydání: 2., upr. vyd.
Témata:
Fyzický popis: 1 mapa : barevná ; 65 x 94 cm, složeno na 23 x 12 cm
Language note: Místní jména česky a částečně německy, souběžný český a anglický vlastivědný text na rubu
Mapy
Uloženo v:
LEADER 01751nem a2200445 i 4500
001 nkc20152724262
003 CZ PrNK
005 20240417084217.0
007 aj canzn
008 150812s2015 xr z a 0 cze
015 |a cnb002724262 
020 |a 978-80-87521-24-3  |q (Kraj Vysočina) 
034 1 |a a  |b 160000  |d E0143729  |e E0163734  |f N0494715  |g N0485916 
040 |a BOA001  |b cze  |d ABA001  |e rda 
041 0 |a cze  |a eng  |a ger 
043 |a e-xr---  |b e-xr-vy  |2 czenas 
072 7 |a 913(437)  |x Geografie Česka a Slovenska, reálie, cestování  |2 Konspekt  |9 7 
072 7 |a 912  |x Mapy. Atlasy. Glóby  |2 Konspekt  |9 7 
080 |a 913:338.483.1  |2 MRF 
080 |a 913(437.324)  |2 MRF 
080 |a (084.3)  |2 MRF 
110 2 |a SHOCart (firma)  |7 ko2001100207  |4 ctg 
245 1 0 |a Kraj Vysočina :  |b turistická mapa /  |c zpracoval SHOCart, spol. s r.o. 
246 3 0 |a Vysočina 
250 |a 2., upr. vyd. 
255 |a Měřítko 1:160 000  |c (E 14°37´29"--E 16°37´34"/N 49°47´15"--N 48°59´16") 
264 1 |a Jihlava :  |b Pro Kraj Vysočina SHOCart,  |c 2015 
300 |a 1 mapa :  |b barevná ;  |c 65 x 94 cm, složeno na 23 x 12 cm 
336 |a kartografický obraz  |b cri  |2 rdacontent 
337 |a bez média  |b n  |2 rdamedia 
338 |a list  |b nb  |2 rdacarrier 
546 |a Místní jména česky a částečně německy, souběžný český a anglický vlastivědný text na rubu 
650 0 7 |a turistické zajímavosti  |7 ph126800  |z Česko  |2 czenas 
651 7 |a Kraj Vysočina (Česko : 2000-)  |7 ge138178  |2 czenas 
655 7 |a mapy  |7 fd132800  |2 czenas 
910 2 |a BOA001  |b Mp2-1353.362 
990 |a MP 
995 |a 01 
991 |b 201510  |c NOV  |e n 
996 6 |b 2610643648  |c Mp2-1353.362  |l MZK  |r Sklad / do 1 hodiny  |n 1  |p p.v.  |w 001522518  |u 000010  |a 1  |e BOA001  |j MZK50  |s P